<?xml version="1.0" encoding="UTF-8"?>
<marc:record xmlns:marc="http://www.loc.gov/MARC21/slim">
   <marc:leader>00000nam a2200000 a 4500</marc:leader>
   <marc:datafield ind1="1" ind2=" " tag="100">
      <marc:subfield code="a">Halli Galli</marc:subfield>
      <marc:subfield code="4">aut</marc:subfield>
      <marc:subfield code="e">Verfasser/-in</marc:subfield>
   </marc:datafield>
   <marc:datafield ind1=" " ind2=" " tag="653">
      <marc:subfield code="a">Spiel</marc:subfield>
   </marc:datafield>
   <marc:datafield ind1=" " ind2=" " tag="653">
      <marc:subfield code="a">Familienspiel</marc:subfield>
   </marc:datafield>
   <marc:datafield ind1="0" ind2="0" tag="245">
      <marc:subfield code="a">Halli Galli</marc:subfield>
   </marc:datafield>
   <marc:datafield ind1="0" ind2="0" tag="245">
      <marc:subfield code="b">Auf die Glocke fertig los!</marc:subfield>
   </marc:datafield>
   <marc:datafield ind1="0" ind2="0" tag="245">
      <marc:subfield code="c">Halli Galli</marc:subfield>
   </marc:datafield>
   <marc:datafield ind1=" " ind2="1" tag="264">
      <marc:subfield code="a">Dietzenbach</marc:subfield>
      <marc:subfield code="b">Amigo Spiel u.Freizeit G.m.b.H.</marc:subfield>
      <marc:subfield code="c">0</marc:subfield>
   </marc:datafield>
   <marc:datafield ind1="1" ind2=" " tag="520">
      <marc:subfield code="a">Halli Galli ist ein wirklich schnelles Spiel. Nur wer gute Augen hat und blitzschnell zählen kann, dies mit einer flinken Hand verbindet, kann dieses Spiel gewinnen. Die Spieler sollten die Karten von sich weg umdrehen, damit es keine Vorteile für den aktiven Spieler gibt. Da es sehr schnell vorbei ist, lädt es immer wieder zu einer neuen Runde ein. Das Gefühl, diese Spannung, wenn die oberste Karte aufgedeckt wird, ist elektrisierend. Alle starren gebannt auf die Hand, die in Zeitlupe eine Karte aufdeckt, nur um dann in Sekundenbruchteilen in wilde Bewegungen zu explodieren, damit man die Glocke als Erster trifft. Da geht einem schon mal die Flatter.</marc:subfield>
   </marc:datafield>
   <marc:datafield ind1="0" ind2=" " tag="490">
      <marc:subfield code="v">0</marc:subfield>
   </marc:datafield>
</marc:record>
